Towards Quality Education in India: Study and Training Material for Teachers, Instructors and Education Administrators/ (Record no. 174335)

MARC details
000 -LEADER
fixed length control field 00606nam a22001817a 4500
005 - DATE AND TIME OF LATEST TRANSACTION
control field 20201218161640.0
010 ## - LCCN (DPL NO)
LC control number ENG-128171
020 ## - INTERNATIONAL STANDARD BOOK NUMBER
Terms of availability 300.00
International Standard Book Number 9789353224677
035 ## - SYSTEM CONTROL NUMBER
System control number EN-111703
037 ## - SOURCE OF ACQUISITION
Source of stock number/acquisition DBAD/PUB
082 ## - DEWEY DECIMAL CLASSIFICATION NUMBER
Classification number 370.954
100 ## - MAIN ENTRY--PERSONAL NAME
Personal name Jha, Binodanand
245 ## - TITLE STATEMENT
Title Towards Quality Education in India: Study and Training Material for Teachers, Instructors and Education Administrators/
Statement of responsibility, etc Binodanand Jha
260 ## - PUBLICATION, DISTRIBUTION, ETC. (IMPRINT)
Place of publication, distribution, etc New Delhi
Name of publisher, distributor, etc Prabhat Prakashan
Date of publication, distribution, etc 2019
270 ## - ADDRESS
Address 4/19 Asaf Ali Road
City New Delhi
Postal code 110002
300 ## - PHYSICAL DESCRIPTION
Extent 143p.
Dimensions 23cm(hb)
942 ## - ADDED ENTRY ELEMENTS (KOHA)
Source of classification or shelving scheme Dewey Decimal Classification
Item type English Books
Classification part 370.954
Call number suffix JHA
Holdings
Withdrawn status Lost status Not for loan Collection code Home library Current library Date acquired Source of acquisition Cost, normal purchase price Full call number Barcode Copy number Cost, replacement price Koha item type
      Non-fiction Central Library Central Library 08/06/2020 DBAD/PUB 300.00 370.954 JHA EN-111703 1 300.00 English Books

© Delhi Public Library
Hit Counter
free hit counter